Sports Quiz

Random Sports Quiz

Every number 9 in Ligue 1 Quiz Stats

Quiz not verified by Sporcle

Challenge
Share
Tweet
Embed
Score 0/16 Timer 03:00
0 Plays Today
Hint Answer % Correct
ParisEdinson Cavani
90%
MonacoGargamel Falcao
86%
NiceMario Balotelli
68%
ToulouseMartin Braithwaite
64%
AsseNolan Roux
58%
BordeauxDiego Rolan
56%
DijonLoïs Diony
56%
LyonMemphis Depay
56%
Hint Answer % Correct
MetzMevlut Erding
52%
AngersFamara Diedhiou
34%
LilleYassine Benzia
32%
GuingampAlexandre Mendy
16%
NancyMaurice Dalé
10%
NantesKolbeinn Sigthorsson
10%
RennesFirmin Mubele
10%
BastiaFlorian Raspentino
4%

You're not logged in!

Compare scores with friends on all Sporcle quizzes.
Sign Up with Email
OR
Log In

You Might Also Like...

Show Comments

Extras

Top Quizzes Today


Score Distribution

Your Account Isn't Verified!

In order to create a playlist on Sporcle, you need to verify the email address you used during registration. Go to your Sporcle Settings to finish the process.